Greyhound / directed by Aaron Schneider; produced by Gary Goetzman; screenplay by Tom Hanks. (Record no. 20816)

000 -LEADER
fixed length control field 00988nam a22001817a 4500
008 - FIXED-LENGTH DATA ELEMENTS--GENERAL INFORMATION
fixed length control field 250527b xxu||||| |||| 00| 0 eng d
040 ## - CATALOGING SOURCE
Original cataloging agency Cagayan State University
Description conventions RDA
082 ## - DEWEY DECIMAL CLASSIFICATION NUMBER
Classification number 791.4372
Item number G485
245 ## - TITLE STATEMENT
Title Greyhound / directed by Aaron Schneider; produced by Gary Goetzman; screenplay by Tom Hanks.
260 ## - PUBLICATION, DISTRIBUTION, ETC. (IMPRINT)
Place of publication, distribution, etc United States
Name of publisher, distributor, etc Apple Original Films
Date of publication, distribution, etc 2020
300 ## - PHYSICAL DESCRIPTION
Extent 1 videofile, 91 minutes
Other physical details sound, color
520 ## - SUMMARY, ETC.
Summary, etc
Several months after the U.S. entry into World War II, an inexperienced U.S. Navy commander must lead an Allied convoy being stalked by a German submarine wolf pack.
521 ## - TARGET AUDIENCE NOTE
Target audience note Rater PG 13
546 ## - LANGUAGE NOTE
Language note English; subtitles available in multiple languages
650 ## - SUBJECT ADDED ENTRY--TOPICAL TERM
Topical term or geographic name as entry element War, Drama, History
700 ## - ADDED ENTRY--PERSONAL NAME
Personal name Hanks, Tom, actor. Graham, Stephen, actor. Morgan, Rob, actor. Shue, Elisabeth, actor. Schneider, Aaron, director. Goetzman, Gary, producer. Hanks, Tom, screenwriter. Forester, C.S., author of original work.
942 ## - ADDED ENTRY ELEMENTS (KOHA)
Source of classification or shelving scheme
Item type Audio-Visual Materials
Holdings
Source of acquisition Price effective from Permanent location Date last seen Not for loan Date acquired Source of classification or shelving scheme Koha item type Collection code Shelving location Damaged status Lost status Withdrawn status Current location Full call number
Donation2025-05-27Cagayan State University - Carig Library2025-05-27 2025-05-27 Audio-Visual MaterialsElectronic Media CenterElectronic Media Center   Cagayan State University - Carig Library791.4372 G485

Cagayan State University University Library, Carig Campus
Tuguegarao City, Cagayan 3500 | www.csucarig.edu.ph

Powered by Koha